[Event "ITA-ch U12"]
[Site "San Nicola Arcella"]
[Date "2004.07.09"]
[Round "8"]
[White "Rombaldoni, Axel"]
[Black "Forni, Davide"]
[Result "1-0"]
[WhiteElo "2063"]
[BlackElo "1580"]
[PlyCount "43"]
[EventDate "2004.07.04"]
[EventType "swiss"]
[EventRounds "8"]
[EventCountry "ITA"]
[SourceTitle "EXT 2024"]
[Source "ChessBase"]
[SourceDate "2023.10.10"]
[SourceVersion "1"]
[SourceVersionDate "2023.10.10"]
[SourceQuality "1"]

1. e4 e5 2. Nf3 d6 3. Bc4 Be7 4. d4 f6 5. dxe5 dxe5 6. Bd2 Bg4 7. Nc3 Nc6 8. Nd5 Qd6 9. b4 Nd4 10. c3 Nxf3+ 11. gxf3 Bd7 12. Be3 b6 13. Qe2 Bf8 14. 0-0-0 b5 15. Bxb5 c6 16. Nb6 Qb8 17. Rxd7 axb6 18. Bxc6 Qc8 19. Rc7+ Kd8 20. Bxb6 Qa6 21. Rd1+ Bd6 22. Rxd6# 1-0